LEADER 05569nam 22008773u 450 001 9910480819103321 005 20210108171524.0 010 $a1-926824-45-8 010 $a1-926824-46-6 035 $a(CKB)2550000001158614 035 $a(EBL)876678 035 $a(OCoLC)782879789 035 $a(SSID)ssj0000637170 035 $a(PQKBManifestationID)12270432 035 $a(PQKBTitleCode)TC0000637170 035 $a(PQKBWorkID)10678782 035 $a(PQKB)11704965 035 $a(MiAaPQ)EBC876678 035 $a(PPN)18727469X 035 $a(Au-PeEL)EBL876678 035 $a(CaONFJC)MIL541758 035 $a(EXLCZ)992550000001158614 100 $a20151005d2012|||| u|| | 101 0 $aeng 135 $aur|n|---||||| 181 $ctxt 182 $cc 183 $acr 200 10$aInuit and Whalers on Baffin Island Through German Eyes$b[electronic resource] $eWilhelm Weike's Arctic Journal and Letters (1883–84) 210 $cBaraka Books$d2012 215 $a1 online resource (286 p.) 300 $aDescription based upon print version of record. 311 $a1-926824-11-3 311 $a1-306-10507-2 327 $a""TABLE OF CONTENTS""; ""LIST OF FIGURES""; ""PREFACE""; ""The arctic year of an ordinary German""; ""INTRODUCTION""; ""Wilhelm Weike with Franz Boasamong Inuit and whalers a??? duties and chronicling""; ""PART I""; ""WILHELM WEIKE""; ""Arctic Journal and Letters(1883-1884)""; ""Preparations and voyageon board the Germania (June 10 to August 27, 1883)""; ""About sea and ice a??? Letters fromon board the Germania (July 6 to August 26)""; ""Among Inuit, whalers, and polar researchers (August 28 to September 16)""; ""Boat trips and hikes(17 September to 22 October)"" 327 $a""From an alien worlda???Letters from Qeqerten(August 28 to September 25)""""Life and death at Qeqerten (October 23 to December 10)""; ""On the ice and in iglus in Cumberland Sound(11 December 1883 to 7 January 1884)""; ""Frostbite and recovery at Qeqerten (January 8 to April 10)""; ""By dog team over Kingnait Passand along Davis Strait(April 11 to July 18)""; ""Waiting for the whaling ships at Qivitung (July 19 to August 24)""; ""Homeward voyage on board the Wolf (August 25 to September 1)""; ""Back in Germanya???Correspondence with Franz Boas (1884-1889)""; ""PART 2""; ""WILHELM WEIKE"" 327 $a""Pleasures and leisure-time""""Health and illness""; ""Insights into Inuit culture""; ""Alcohola???the questionable drink of the Qallunaat""; ""Return to Mindena???readjusting and marriage (October 1884 to December 1885)""; ""Move to and life in Berlin (1886-1917)""; ""Messages to and from Baffin Island (1884-1886)""; ""Wilhelm Weike through Franz Boasa??? eyes""; ""The Inuit and the Arctica???the Boasian enigma""; ""And who was Wilhelm Weike?""; ""Finale""; ""Acknowledgements""; ""Individuals""; ""Institutions""; ""Bibliography""; ""Index"" 330 $aTold from an ordinary man's perspective, these are the journal and letters of Wilhelm Weike as he accompanied Franz Boas—the father of modern anthropology—on his journey to the arctic from 1883 to 1884. This extraordinary document of early arctic history provides a plain, direct view of the Inuit and the whalers in their arctic environment at the end of the 19th century. With invaluable contextual and complementary information, this book contributes key insights during the recent wave of scientific assessment of Franz Boas's legacy in all social sciences. 606 $aBaffin Island (Nunavut) - Description and travel 606 $aBaffin Island (Nunavut) - Social life and customs - 19th century 606 $aBaffin, II?‚le de (Nunavut) -- Descriptions et voyages 606 $aBoas, Franz - Travel - Nunavut - Baffin Island 606 $aBoas, Franz - Voyages - Nunavut - Baffin, Ile de 606 $aBoas, Franz, 1858-1942 -- Travel -- Nunavut -- Baffin Island 606 $aInuit - Nunavut - Baffin Island - Social life and customs - 19th century 606 $aInuits - Nunavut - Baffin, Ile de - Murs et coutumes - 19e siecle 606 $aInuit$xSocial life and customs$y19th century$zBaffin Island$zNunavut 606 $aWhaling ships$xHistory$y19th century$zBaffin Island$zNunavut 606 $aGender & Ethnic Studies$2HILCC 606 $aSocial Sciences$2HILCC 606 $aEthnic & Race Studies$2HILCC 608 $aElectronic books. 615 4$aBaffin Island (Nunavut) - Description and travel. 615 4$aBaffin Island (Nunavut) - Social life and customs - 19th century. 615 4$aBaffin, II?‚le de (Nunavut) -- Descriptions et voyages. 615 4$aBoas, Franz - Travel - Nunavut - Baffin Island. 615 4$aBoas, Franz - Voyages - Nunavut - Baffin, Ile de. 615 4$aBoas, Franz, 1858-1942 -- Travel -- Nunavut -- Baffin Island. 615 4$aInuit - Nunavut - Baffin Island - Social life and customs - 19th century. 615 4$aInuits - Nunavut - Baffin, Ile de - Murs et coutumes - 19e siecle. 615 0$aInuit$xSocial life and customs 615 0$aWhaling ships$xHistory 615 7$aGender & Ethnic Studies 615 7$aSocial Sciences 615 7$aEthnic & Race Studies 676 $a917.19/52042 676 $a917.1952042 700 $aGieseking$b Bernd$01038431 701 $aMu?ller-Wille$b Ludguer$01038432 701 $aBarr$b William$0893119 801 0$bAU-PeEL 801 1$bAU-PeEL 801 2$bAU-PeEL 906 $aBOOK 912 $a9910480819103321 997 $aUNINA LEADER 03802nam 2200985 a 450 001 9910779083503321 005 20230125181412.0 010 $a1-78268-093-4 010 $a1-283-89257-X 010 $a1-60649-138-5 024 7 $a10.4128/9781606491386 035 $a(CKB)2550000000084718 035 $a(EBL)876646 035 $a(OCoLC)772396549 035 $a(SSID)ssj0000626348 035 $a(PQKBManifestationID)11371807 035 $a(PQKBTitleCode)TC0000626348 035 $a(PQKBWorkID)10657874 035 $a(PQKB)10053526 035 $a(CaBNVSL)swl00400339 035 $a(Au-PeEL)EBL876646 035 $a(CaPaEBR)ebr10522193 035 $a(CaONFJC)MIL420507 035 $a(CaSebORM)9781606491379 035 $a(MiAaPQ)EBC876646 035 $a(EXLCZ)992550000000084718 071 53$a2$bBEP 100 $a20111223d2012 fy 0 101 0 $aeng 135 $aur|n|---||||| 181 $ctxt 182 $cc 183 $acr 200 10$aSetting performance targets$b[electronic resource] /$fCarolyn Stringer and Paul Shantapriyan 205 $a1st ed. 210 $a[New York, N.Y.] (222 East 46th Street, New York, NY 10017) $cBusiness Expert Press$dc2012 215 $a1 online resource (154 p.) 225 1 $aManagerial accounting collection,$x2152-7121 300 $aDescription based upon print version of record. 311 $a1-60649-137-7 320 $aIncludes bibliographical references (p. 125-139) and index. 327 $a1. Setting performance targets -- 2. Budget targets -- 3. Target setting in changing conditions -- 4. Performance targets -- 5. Target difficulty -- 6. Multiple performance targets --7. Innovations in target setting -- 8. Conclusion: target setting, the lost art -- Appendix. Understanding probabilities -- Notes -- References -- Index. 330 3 $aTargets are an important part of our work life, whether we are setting them or meeting them. Target setting forms part of the budgeting process and the performance management of business units and individuals. Unfortunately the behavioral impacts of target setting on performance are not well understood, and this can lead to serious consequences such as game playing. Target setting is an under-researched area. 410 0$aManagerial accounting collection.$x2152-7121 606 $aGoal setting in personnel management 606 $aStrategic planning 610 $aTarget setting 610 $agoal-setting theory 610 $amotivation 610 $aperformance measurement 610 $aperformance management 610 $astrategy 610 $avalue creation 610 $aexternal and internal benchmarking 610 $arelative performance targets 610 $aforecasts 610 $atarget difficulty 610 $astretch targets 610 $ahighly achievable targets 610 $aline of sight 610 $aobjective performance evaluations 610 $asubjective performance evaluations 610 $aincentive compensation 610 $acapped performance targets 610 $aoperational budgets 610 $afixed budgets 610 $aflexible budgets 610 $arolling forecasts 610 $acontrollability principle 610 $aweightings 610 $ashort- and long-term targets 610 $aactivity-based budgeting 610 $aBeyond Budgeting Roundtable Group 615 0$aGoal setting in personnel management. 615 0$aStrategic planning. 676 $a658.3 700 $aStringer$b Carolyn$01478789 701 $aShantapriyan$b Paul$01478790 801 0$bMiAaPQ 801 1$bMiAaPQ 801 2$bMiAaPQ 906 $aBOOK 912 $a9910779083503321 996 $aSetting performance targets$93694595 997 $aUNINA